[Event "Bois Gentil op"]
[Site "Geneve"]
[Date "2015.01.30"]
[Round "4"]
[White "Schaerer, Marie Anne"]
[Black "Degove, Christophe"]
[Result "0-1"]
[WhiteElo "1748"]
[BlackElo "1829"]
[PlyCount "92"]
[EventDate "2015.01.09"]
[EventType "swiss"]
[EventRounds "7"]
[EventCountry "SUI"]
[SourceTitle "EXT 2016"]
[Source "ChessBase"]
[SourceDate "2015.10.08"]
[SourceVersion "1"]
[SourceVersionDate "2015.10.08"]
[SourceQuality "1"]

1. e4 c6 2. d4 d6 3. Nf3 Bg4 4. h3 Bxf3 5. Qxf3 Qc7 6. Nc3 e5 7. d5 Nf6 8. Bd3 Be7 9. 0-0 Nbd7 10. Be3 0-0 11. b4 a6 12. a4 Rfe8 13. g4 g6 14. g5 Nh5 15. h4 Rf8 16. Bc4 Nb6 17. Bb3 Nd7 18. Rfd1 c5 19. b5 f6 20. Qh3 Qd8 21. bxa6 bxa6 22. a5 Kh8 23. Ba4 f5 24. Bc6 Ra7 25. Rdb1 Nb8 26. Rb6 Qc7 27. Rab1 Ng7 28. Qf1 f4 29. Bd2 f3 30. Rb7 Rxb7 31. Rxb7 Qc8 32. Kh2 Bd8 33. Na4 Nxc6 34. Qxa6 Ne7 35. Nb6 Qg4 36. Qf1 Qxh4+ 37. Kg1 Qg4+ 38. Kh1 Qxe4 39. Qd3 Qh4+ 40. Kg1 e4 41. Qf1 Ngf5 42. a6 Nd4 43. Bc3 Qxg5+ 44. Kh2 Qe5+ 45. Kh3 Rf4 46. Bxd4 Rh4+ 0-1

[Event "Bois Gentil op"]
[Site "Geneve"]
[Date "2014.01.17"]
[Round "2"]
[White "Schaerer, Marie Anne"]
[Black "Monnard, Daniel"]
[Result "1-0"]
[WhiteElo "1747"]
[BlackElo "1710"]
[PlyCount "87"]
[EventDate "2014.01.10"]
[EventType "swiss"]
[EventRounds "7"]
[EventCountry "SUI"]
[SourceTitle "CBM 158 Extra"]
[Source "ChessBase"]
[SourceDate "2014.02.28"]
[SourceVersion "1"]
[SourceVersionDate "2014.02.28"]
[SourceQuality "1"]

1. e4 e6 2. d4 d5 3. e5 c5 4. c3 Qb6 5. Nf3 Nc6 6. Be2 cxd4 7. cxd4 Nge7 8. Na3 a6 9. 0-0 Nf5 10. Nc2 Be7 11. a3 a5 12. g4 Nh4 13. Re1 Nxf3+ 14. Bxf3 h6 15. Rb1 Bd7 16. Be3 Qd8 17. Qd2 Bg5 18. Bxg5 Qxg5 19. Qe3 Qxe3 20. Rxe3 Ke7 21. Be2 Na7 22. b4 a4 23. b5 Rhc8 24. Nb4 Ke8 25. b6 Nc6 26. Nxc6 Bxc6 27. Rc3 Kd8 28. Rbc1 Ra5 29. Rc5 Raa8 30. f4 Bd7 31. Kf2 Rxc5 32. Rxc5 Rc8 33. Ke3 Rxc5 34. dxc5 f6 35. Kd4 fxe5+ 36. Kxe5 Ke7 37. Bd3 Bc6 38. Bc2 Kf7 39. f5 exf5 40. Bxf5 Ke7 41. h4 g5 42. hxg5 hxg5 43. Bc8 Kf8 44. Be6 1-0

[Event "Geneve op 27th"]
[Site "Geneve"]
[Date "2013.02.01"]
[Round "3"]
[White "Beyeler, Alexandre"]
[Black "Schaerer, Marie Anne"]
[Result "0-1"]
[WhiteElo "1395"]
[BlackElo "1764"]
[PlyCount "106"]
[EventDate "2013.01.18"]
[EventType "swiss"]
[EventRounds "7"]
[EventCountry "SUI"]
[SourceTitle "EXT 2014"]
[Source "ChessBase"]
[SourceDate "2013.11.20"]
[SourceVersion "1"]
[SourceVersionDate "2013.11.20"]
[SourceQuality "1"]

1. d4 c5 2. d5 e6 3. c4 exd5 4. cxd5 d6 5. e4 Nf6 6. Bg5 Qa5+ 7. Qd2 Qxd2+ 8. Nxd2 Nbd7 9. f3 h6 10. Bh4 g5 11. Bg3 Nh5 12. Bc4 Nxg3 13. hxg3 Bg7 14. 0-0-0 a6 15. Kb1 b5 16. Be2 c4 17. Rc1 Nb6 18. b3 c3 19. Nf1 Bd7 20. Ne3 b4 21. Nc4 Nxc4 22. Bxc4 f5 23. Bd3 Rf8 24. Re1 Rd8 25. Nh3 a5 26. Kc2 a4 27. Bc4 fxe4 28. fxe4 a3 29. Rhf1 Ke7 30. Rxf8 Rxf8 31. Rf1 Rxf1 32. Bxf1 Bd4 33. Kd3 Bc5 34. Kc2 Kf6 35. Be2 Ke5 36. Kd1 Kxe4 37. Nxg5+ hxg5 38. Bc4 Bg4+ 39. Kc2 Ke3 40. Bd3 Kf2 41. Be4 Kxg3 42. Kd3 Kf2 43. g3 Kxg3 44. Kc2 Bf3 45. Bf5 Bxd5 46. Bg6 Kf4 47. Bd3 g4 48. Bf1 Be4+ 49. Kd1 c2+ 50. Kd2 Be3+ 51. Ke2 c1Q 52. Bh3 Qd2+ 53. Kf1 Qf2# 0-1

[Event "Geneve op 27th"]
[Site "Geneve"]
[Date "2013.01.25"]
[Round "2"]
[White "Schaerer, Marie Anne"]
[Black "Keysener, Philippe"]
[Result "0-1"]
[WhiteElo "1764"]
[BlackElo "1712"]
[PlyCount "106"]
[EventDate "2013.01.18"]
[EventType "swiss"]
[EventRounds "7"]
[EventCountry "SUI"]
[SourceTitle "EXT 2014"]
[Source "ChessBase"]
[SourceDate "2013.11.20"]
[SourceVersion "1"]
[SourceVersionDate "2013.11.20"]
[SourceQuality "1"]

1. e4 c5 2. Nf3 e6 3. d4 cxd4 4. Nxd4 Nf6 5. Nc3 Bb4 6. f3 d5 7. e5 Nfd7 8. f4 a6 9. Be3 0-0 10. Qd2 Nc5 11. Bd3 Nxd3+ 12. Qxd3 Bd7 13. 0-0-0 Nc6 14. a3 Be7 15. Nf3 b5 16. Ne2 b4 17. a4 Qb8 18. b3 Rc8 19. g4 Nd8 20. f5 Bxa4 21. bxa4 b3 22. Ned4 Ba3+ 23. Kd2 Bb4+ 24. Ke2 Rc3 25. Qxc3 Bxc3 26. Nxb3 Qb4 27. Rd3 Rc8 28. Rb1 Qxg4 29. fxe6 fxe6 30. Rg1 Qf5 31. Rg5 Qf8 32. Rg4 Bb2 33. Nfd4 Bxd4 34. Nxd4 Qe8 35. Bf4 Rc4 36. a5 Nc6 37. c3 Nxd4+ 38. cxd4 Qa4 39. Bd2 Rc2 40. Ke3 Qe8 41. Rb3 Qc8 42. Rb6 Rc6 43. Rb2 h6 44. Kd3 Kh7 45. h4 Qf8 46. Ke2 Qf5 47. Rf4 Qh5+ 48. Kd3 Qe8 49. Rb7 Qg6+ 50. Ke3 Qg3+ 51. Ke2 Rc2 52. Rbf7 Qc3 53. Rg4 Rxd2+ 0-1

[Event "Geneve op 24th"]
[Site "Geneve"]
[Date "2008.01.24"]
[Round "6"]
[White "Miatello, Alberto"]
[Black "Schaerer, Marie Anne"]
[Result "1-0"]
[WhiteElo "2092"]
[BlackElo "1763"]
[PlyCount "121"]
[EventDate "2008.01.19"]
[EventType "swiss"]
[EventRounds "9"]
[EventCountry "SUI"]
[SourceTitle "CBM 122 Extra"]
[Source "ChessBase"]
[SourceDate "2008.03.04"]
[SourceVersion "1"]
[SourceVersionDate "2008.03.04"]
[SourceQuality "1"]

1. e4 e6 2. d4 d5 3. e5 c5 4. c3 Nc6 5. Nf3 Qb6 6. a3 Bd7 7. b4 cxd4 8. cxd4 Rc8 9. Be3 a5 10. b5 Nce7 11. a4 Nf5 12. Bd3 Nxe3 13. fxe3 Bb4+ 14. Nbd2 Ne7 15. 0-0 0-0 16. Bxh7+ Kh8 17. Bd3 Nf5 18. Ng5 g6 19. Qf3 Kg7 20. Rad1 Be7 21. Qf4 f6 22. Ngf3 g5 23. exf6+ Bxf6 24. Nxg5 Nxe3 25. Qg3 Nxf1 26. Rxf1 Bxd4+ 27. Kh1 Rxf1+ 28. Nxf1 Kf8 29. Qf4+ Ke7 30. Qf7+ Kd8 31. h4 Kc7 32. h5 Rh8 33. Be2 Qd6 34. Bg4 Kb6 35. Nd2 Rf8 36. Qg6 Rf6 37. Qd3 Qc5 38. Nb3 Qc4 39. Qxd4+ Qxd4 40. Nxd4 e5 41. Bxd7 exd4 42. Nf3 d3 43. Nd2 Rf2 44. h6 Rf6 45. Bg4 Rxh6+ 46. Kg1 Rf6 47. Bf3 Rf5 48. Kf2 Re5 49. Nb3 Re8 50. Bxd5 Rd8 51. Bf3 d2 52. Bd1 Rd3 53. g4 Rd5 54. Ke3 Rd8 55. Nxd2 Kc7 56. Bc2 b6 57. g5 Rd5 58. Ne4 Rd8 59. g6 Rd7 60. Bb3 Rg7 61. Bf7 1-0

[Event "SUI-ch HT2"]
[Site "Leukerbad"]
[Date "2007.??.??"]
[Round "2"]
[White "Schaerer, Marie Anne"]
[Black "Rossi, Damiano"]
[Result "0-1"]
[WhiteElo "1781"]
[BlackElo "2001"]
[PlyCount "68"]
[EventDate "2007.07.??"]
[EventType "swiss"]
[EventRounds "5"]
[EventCountry "SUI"]
[SourceTitle "EXT 2010"]
[Source "ChessBase"]
[SourceDate "2010.11.25"]
[SourceVersion "1"]
[SourceVersionDate "2010.11.25"]
[SourceQuality "1"]

1. d4 d5 2. Nf3 Bf5 3. Bg5 Nd7 4. Nc3 c6 5. e3 f6 6. Bf4 e6 7. Nh4 Be4 8. Nxe4 dxe4 9. Qh5+ Ke7 10. Ng6+ hxg6 11. Qxh8 Kf7 12. Bc4 Qe7 13. 0-0 Nh6 14. Bxh6 gxh6 15. h4 Re8 16. Qh7+ Bg7 17. h5 Nf8 18. hxg6+ Nxg6 19. f4 Rh8 20. Qxh8 Nxh8 21. f5 Ke8 22. Bxe6 Ng6 23. c4 Nf8 24. d5 Nxe6 25. dxe6 Qb4 26. b3 Qc3 27. Rae1 Bf8 28. Re2 Bc5 29. Rfe1 Qe5 30. Rf1 Qg3 31. Rfe1 Qe5 32. Kf1 Qh2 33. Rf2 Bxe3 34. Ke2 Qh5+ 0-1

[Event "SUI-ch op2"]
[Site "Luzern"]
[Date "1994.07.19"]
[Round "4"]
[White "Schaerer, Marie Anne"]
[Black "Berner, Giancarlo F"]
[Result "1-0"]
[WhiteElo "1709"]
[BlackElo "1785"]
[PlyCount "45"]
[EventDate "1994.07.16"]
[EventType "swiss"]
[EventRounds "7"]
[EventCountry "SUI"]
[SourceTitle "EXT 1999"]
[Source "ChessBase"]
[SourceDate "1998.11.16"]
[SourceVersion "1"]
[SourceVersionDate "1998.11.16"]
[SourceQuality "1"]

1. b3 d5 2. Bb2 Nf6 3. e3 e6 4. Nf3 Be7 5. c4 0-0 6. Nc3 c5 7. d4 cxd4 8. Nxd4 Bb4 9. a3 Be7 10. Qc2 Nc6 11. Rd1 Nxd4 12. Rxd4 Qc7 13. cxd5 exd5 14. Bd3 Bc5 15. Nxd5 Nxd5 16. Rxd5 b6 17. Bxh7+ Kh8 18. Be4 f5 19. Rxc5 bxc5 20. Bxa8 Qa5+ 21. Qc3 Qxc3+ 22. Bxc3 Be6 23. Bf3 1-0